000 00854nam a2200253Ia 4500
003 OSt
005 20220923215415.0
006 a|||||r|||| 00| 0
007 ta
008 220922b |||||||| |||| 00| 0 hin d
024 _a178,431
037 _cTextual
040 _aARTS
_cARTS
_bhin
041 _2hin
_ahin
082 _aO152,1M65:g, J1
100 _aहरिऔध, अयोध्यासिंह उपाध्याय
245 0 _aरस कलस
246 _aRas kalasa
260 _aबनारस
_b हिन्दी साहित्य कुटीर
_c1951
300 _a363 पृ.
_ccm.
650 _aहिन्दी साहित्य
_9156264
942 _hO152,1M65:g, J1
_cTEXL
_2CC
999 _c331813
_d331813